| LEADER | 09670nam a2200889 4500 | ||
|---|---|---|---|
| 082 | |a 807.6 |b B103t | ||
| 100 | |a | ||
| 245 | |a Bài tập ngữ văn 6 |c Nguyễn Khắc Phi, Nguyễn Đình Chú, Nguyễn Minh Thuyết |n T.2 | ||
| 250 | |a Tái bản lần thứ 4 | ||
| 260 | |a H. |b Giáo dục |c 2006 | ||
| 300 | |a 84 tr. |c 24 cm. | ||
| 520 | |a v.v... | ||
| 653 | |a Văn học | ||
| 653 | |a Ngữ văn | ||
| 653 | |a Lớp 6 | ||
| 653 | |a Bài tập | ||
| 942 | |2 ddc |c STK | ||
| 999 | |c 8912 |d 8912 | ||
| 952 | |0 0 |1 0 |2 ddc |4 0 |6 807_600000000000000_B103T |7 0 |8 800 |9 73132 |a qbu |b qbu |c D5 |d 2015-05-04 |g 3500 |o 807.6 B103t. |p 8508.c1 |r 0000-00-00 |w 2015-05-04 |y STK | ||
| 952 | |0 0 |1 0 |2 ddc |4 0 |6 807_600000000000000_B103T |7 0 |8 800 |9 73133 |a qbu |b qbu |c D5 |d 2015-05-04 |g 3500 |o 807.6 B103t. |p 8508.c2 |r 0000-00-00 |w 2015-05-04 |y STK | ||
| 952 | |0 0 |1 0 |2 ddc |4 0 |6 807_600000000000000_B103T |7 0 |8 800 |9 73134 |a qbu |b qbu |c D5 |d 2015-05-04 |g 3500 |o 807.6 B103t. |p 8508.c3 |r 0000-00-00 |w 2015-05-04 |y STK | ||
| 952 | |0 0 |1 0 |2 ddc |4 0 |6 807_600000000000000_B103T |7 0 |8 800 |9 73135 |a qbu |b qbu |c D5 |d 2015-05-04 |g 3500 |o 807.6 B103t. |p 8508.c4 |r 0000-00-00 |w 2015-05-04 |y STK | ||
| 952 | |0 0 |1 0 |2 ddc |4 0 |6 807_600000000000000_B103T |7 0 |8 800 |9 73136 |a qbu |b qbu |c D5 |d 2015-05-04 |g 3500 |o 807.6 B103t. |p 8508.c5 |r 0000-00-00 |w 2015-05-04 |y STK | ||
| 952 | |0 0 |1 0 |2 ddc |4 0 |6 807_600000000000000_B103T |7 0 |8 800 |9 73137 |a qbu |b qbu |c D5 |d 2015-05-04 |g 3500 |o 807.6 B103t. |p 8508.c6 |r 0000-00-00 |w 2015-05-04 |y STK | ||
| 952 | |0 0 |1 0 |2 ddc |4 0 |6 807_600000000000000_B103T |7 0 |8 800 |9 73138 |a qbu |b qbu |c D5 |d 2015-05-04 |g 3500 |o 807.6 B103t. |p 8508.c7 |r 0000-00-00 |w 2015-05-04 |y STK | ||
| 952 | |0 0 |1 0 |2 ddc |4 0 |6 807_600000000000000_B103T |7 0 |8 800 |9 73139 |a qbu |b qbu |c D5 |d 2015-05-04 |g 3500 |o 807.6 B103t. |p 8508.c8 |r 0000-00-00 |w 2015-05-04 |y STK | ||
| 952 | |0 0 |1 0 |2 ddc |4 0 |6 807_600000000000000_B103T |7 0 |8 800 |9 73140 |a qbu |b qbu |c D5 |d 2015-05-04 |g 3500 |o 807.6 B103t. |p 8508.c9 |r 0000-00-00 |w 2015-05-04 |y STK | ||
| 952 | |0 0 |1 0 |2 ddc |4 0 |6 807_600000000000000_B103T |7 0 |8 800 |9 73141 |a qbu |b qbu |c D5 |d 2015-05-04 |g 3500 |o 807.6 B103t. |p 8508.c10 |r 0000-00-00 |w 2015-05-04 |y STK | ||
| 952 | |0 0 |1 0 |2 ddc |4 0 |6 807_600000000000000_B103T |7 0 |8 800 |9 73142 |a qbu |b qbu |c D5 |d 2015-05-04 |g 3500 |o 807.6 B103t. |p 8508.c11 |r 0000-00-00 |w 2015-05-04 |y STK | ||
| 952 | |0 0 |1 0 |2 ddc |4 0 |6 807_600000000000000_B103T |7 0 |8 800 |9 73143 |a qbu |b qbu |c D5 |d 2015-05-04 |g 3500 |o 807.6 B103t. |p 8508.c12 |r 0000-00-00 |w 2015-05-04 |y STK | ||
| 952 | |0 0 |1 0 |2 ddc |4 0 |6 807_600000000000000_B103T |7 0 |8 800 |9 73144 |a qbu |b qbu |c D5 |d 2015-05-04 |g 3500 |o 807.6 B103t. |p 8508.c13 |r 0000-00-00 |w 2015-05-04 |y STK | ||
| 952 | |0 0 |1 0 |2 ddc |4 0 |6 807_600000000000000_B103T |7 0 |8 800 |9 73145 |a qbu |b qbu |c D5 |d 2015-05-04 |g 3500 |o 807.6 B103t. |p 8508.c14 |r 0000-00-00 |w 2015-05-04 |y STK | ||
| 952 | |0 0 |1 0 |2 ddc |4 0 |6 807_600000000000000_B103T |7 0 |8 800 |9 73146 |a qbu |b qbu |c D5 |d 2015-05-04 |g 3500 |o 807.6 B103t. |p 8508.c15 |r 0000-00-00 |w 2015-05-04 |y STK | ||
| 952 | |0 0 |1 0 |2 ddc |4 0 |6 807_600000000000000_B103T |7 0 |8 800 |9 73147 |a qbu |b qbu |c D5 |d 2015-05-04 |g 3500 |o 807.6 B103t. |p 8508.c16 |r 0000-00-00 |w 2015-05-04 |y STK | ||
| 952 | |0 0 |1 0 |2 ddc |4 0 |6 807_600000000000000_B103T |7 0 |8 800 |9 73148 |a qbu |b qbu |c D5 |d 2015-05-04 |g 3500 |o 807.6 B103t. |p 8508.c17 |r 0000-00-00 |w 2015-05-04 |y STK | ||
| 952 | |0 0 |1 0 |2 ddc |4 0 |6 807_600000000000000_B103T |7 0 |8 800 |9 73149 |a qbu |b qbu |c D5 |d 2015-05-04 |g 3500 |o 807.6 B103t. |p 8508.c18 |r 0000-00-00 |w 2015-05-04 |y STK | ||
| 952 | |0 0 |1 0 |2 ddc |4 0 |6 807_600000000000000_B103T |7 0 |8 800 |9 73150 |a qbu |b qbu |c D5 |d 2015-05-04 |g 3500 |o 807.6 B103t. |p 8508.c19 |r 0000-00-00 |w 2015-05-04 |y STK | ||
| 952 | |0 0 |1 0 |2 ddc |4 0 |6 807_600000000000000_B103T |7 0 |8 800 |9 73151 |a qbu |b qbu |c D5 |d 2015-05-04 |g 3500 |o 807.6 B103t. |p 8508.c20 |r 0000-00-00 |w 2015-05-04 |y STK | ||
| 952 | |0 0 |1 0 |2 ddc |4 0 |6 807_600000000000000_B103T |7 0 |8 800 |9 73152 |a qbu |b qbu |c D5 |d 2015-05-04 |g 3500 |o 807.6 B103t. |p 8508.c21 |r 0000-00-00 |w 2015-05-04 |y STK | ||
| 952 | |0 0 |1 0 |2 ddc |4 0 |6 807_600000000000000_B103T |7 0 |8 800 |9 73153 |a qbu |b qbu |c D5 |d 2015-05-04 |g 3500 |o 807.6 B103t. |p 8508.c22 |r 0000-00-00 |w 2015-05-04 |y STK | ||
| 952 | |0 0 |1 0 |2 ddc |4 0 |6 807_600000000000000_B103T |7 0 |8 800 |9 73154 |a qbu |b qbu |c D5 |d 2015-05-04 |g 3500 |o 807.6 B103t. |p 8508.c23 |r 0000-00-00 |w 2015-05-04 |y STK | ||
| 952 | |0 0 |1 0 |2 ddc |4 0 |6 807_600000000000000_B103T |7 0 |8 800 |9 73155 |a qbu |b qbu |c D5 |d 2015-05-04 |g 3500 |o 807.6 B103t. |p 8508.c24 |r 0000-00-00 |w 2015-05-04 |y STK | ||
| 952 | |0 0 |1 0 |2 ddc |4 0 |6 807_600000000000000_B103T |7 0 |8 800 |9 73156 |a qbu |b qbu |c D5 |d 2015-05-04 |g 3500 |o 807.6 B103t. |p 8508.c25 |r 0000-00-00 |w 2015-05-04 |y STK | ||
| 952 | |0 0 |1 0 |2 ddc |4 0 |6 807_600000000000000_B103T |7 0 |8 800 |9 73157 |a qbu |b qbu |c D5 |d 2015-05-04 |g 3500 |o 807.6 B103t. |p 8508.c26 |r 0000-00-00 |w 2015-05-04 |y STK | ||
| 952 | |0 0 |1 0 |2 ddc |4 0 |6 807_600000000000000_B103T |7 0 |8 800 |9 73158 |a qbu |b qbu |c D5 |d 2015-05-04 |g 3500 |o 807.6 B103t. |p 8508.c27 |r 0000-00-00 |w 2015-05-04 |y STK | ||
| 952 | |0 0 |1 0 |2 ddc |4 0 |6 807_600000000000000_B103T |7 0 |8 800 |9 73159 |a qbu |b qbu |c D5 |d 2015-05-04 |g 3500 |o 807.6 B103t. |p 8508.c28 |r 0000-00-00 |w 2015-05-04 |y STK | ||
| 952 | |0 0 |1 0 |2 ddc |4 0 |6 807_600000000000000_B103T |7 0 |8 800 |9 73160 |a qbu |b qbu |c D5 |d 2015-05-04 |g 3500 |o 807.6 B103t. |p 8508.c29 |r 0000-00-00 |w 2015-05-04 |y STK | ||
| 952 | |0 0 |1 0 |2 ddc |4 0 |6 807_600000000000000_B103T |7 0 |8 800 |9 73161 |a qbu |b qbu |c D5 |d 2015-05-04 |g 3500 |o 807.6 B103t. |p 8508.c30 |r 0000-00-00 |w 2015-05-04 |y STK | ||
| 952 | |0 0 |1 0 |2 ddc |4 0 |6 807_600000000000000_B103T |7 0 |8 800 |9 73162 |a qbu |b qbu |c D5 |d 2015-05-04 |g 3500 |o 807.6 B103t. |p 8508.c31 |r 0000-00-00 |w 2015-05-04 |y STK | ||
| 952 | |0 0 |1 0 |2 ddc |4 0 |6 807_600000000000000_B103T |7 0 |8 800 |9 73163 |a qbu |b qbu |c D5 |d 2015-05-04 |g 3500 |o 807.6 B103t. |p 8508.c32 |r 0000-00-00 |w 2015-05-04 |y STK | ||
| 952 | |0 0 |1 0 |2 ddc |4 0 |6 807_600000000000000_B103T |7 0 |8 800 |9 73164 |a qbu |b qbu |c D5 |d 2015-05-04 |g 3500 |o 807.6 B103t. |p 8508.c33 |r 0000-00-00 |w 2015-05-04 |y STK | ||
| 952 | |0 0 |1 0 |2 ddc |4 0 |6 807_600000000000000_B103T |7 0 |8 800 |9 73165 |a qbu |b qbu |c D5 |d 2015-05-04 |g 3500 |o 807.6 B103t. |p 8508.c34 |r 0000-00-00 |w 2015-05-04 |y STK | ||
| 952 | |0 0 |1 0 |2 ddc |4 0 |6 807_600000000000000_B103T |7 0 |8 800 |9 73166 |a qbu |b qbu |c D5 |d 2015-05-04 |g 3500 |o 807.6 B103t. |p 8508.c35 |r 0000-00-00 |w 2015-05-04 |y STK | ||
| 952 | |0 0 |1 0 |2 ddc |4 0 |6 807_600000000000000_B103T |7 0 |8 800 |9 73167 |a qbu |b qbu |c D5 |d 2015-05-04 |g 3500 |o 807.6 B103t. |p 8508.c36 |r 0000-00-00 |w 2015-05-04 |y STK | ||
| 952 | |0 0 |1 0 |2 ddc |4 0 |6 807_600000000000000_B103T |7 0 |8 800 |9 73168 |a qbu |b qbu |c D5 |d 2015-05-04 |g 3500 |o 807.6 B103t. |p 8508.c37 |r 0000-00-00 |w 2015-05-04 |y STK | ||
| 952 | |0 0 |1 0 |2 ddc |4 0 |6 807_600000000000000_B103T |7 0 |8 800 |9 73169 |a qbu |b qbu |c D5 |d 2015-05-04 |g 3500 |o 807.6 B103t. |p 8508.c38 |r 0000-00-00 |w 2015-05-04 |y STK | ||
| 952 | |0 0 |1 0 |2 ddc |4 0 |6 807_600000000000000_B103T |7 0 |8 800 |9 73170 |a qbu |b qbu |c D5 |d 2015-05-04 |g 3500 |o 807.6 B103t. |p 8508.c39 |r 0000-00-00 |w 2015-05-04 |y STK | ||
| 952 | |0 0 |1 0 |2 ddc |4 0 |6 807_600000000000000_B103T |7 0 |8 800 |9 73171 |a qbu |b qbu |c D5 |d 2015-05-04 |g 3500 |o 807.6 B103t. |p 8508.c40 |r 0000-00-00 |w 2015-05-04 |y STK | ||
| 952 | |0 0 |1 0 |2 ddc |4 0 |6 807_600000000000000_B103T |7 0 |8 800 |9 73172 |a qbu |b qbu |c D5 |d 2015-05-04 |g 3500 |o 807.6 B103t. |p 8508.c41 |r 0000-00-00 |w 2015-05-04 |y STK | ||
| 952 | |0 0 |1 0 |2 ddc |4 0 |6 807_600000000000000_B103T |7 0 |8 800 |9 73173 |a qbu |b qbu |c D5 |d 2015-05-04 |g 3500 |o 807.6 B103t. |p 8508.c42 |r 0000-00-00 |w 2015-05-04 |y STK | ||
| 952 | |0 0 |1 0 |2 ddc |4 0 |6 807_600000000000000_B103T |7 0 |8 800 |9 73174 |a qbu |b qbu |c D5 |d 2015-05-04 |g 3500 |o 807.6 B103t. |p 8508.c43 |r 0000-00-00 |w 2015-05-04 |y STK | ||
| 952 | |0 0 |1 0 |2 ddc |4 0 |6 807_600000000000000_B103T |7 0 |8 800 |9 73175 |a qbu |b qbu |c D5 |d 2015-05-04 |g 3500 |o 807.6 B103t. |p 8508.c44 |r 0000-00-00 |w 2015-05-04 |y STK | ||
| 952 | |0 0 |1 0 |2 ddc |4 0 |6 807_600000000000000_B103T |7 0 |8 800 |9 73176 |a qbu |b qbu |c D5 |d 2015-05-04 |g 3500 |o 807.6 B103t. |p 8508.c45 |r 0000-00-00 |w 2015-05-04 |y STK | ||
| 952 | |0 0 |1 0 |2 ddc |4 0 |6 807_600000000000000_B103T |7 0 |8 800 |9 73177 |a qbu |b qbu |c D5 |d 2015-05-04 |g 3500 |o 807.6 B103t. |p 8508.c46 |r 0000-00-00 |w 2015-05-04 |y STK | ||
| 952 | |0 0 |1 0 |2 ddc |4 0 |6 807_600000000000000_B103T |7 0 |8 800 |9 73178 |a qbu |b qbu |c D5 |d 2015-05-04 |g 3500 |o 807.6 B103t. |p 8508.c47 |r 0000-00-00 |w 2015-05-04 |y STK | ||
| 952 | |0 0 |1 0 |2 ddc |4 0 |6 807_600000000000000_B103T |7 0 |8 800 |9 73179 |a qbu |b qbu |c D5 |d 2015-05-04 |g 3500 |o 807.6 B103t. |p 8508.c48 |r 0000-00-00 |w 2015-05-04 |y STK | ||
| 952 | |0 0 |1 0 |2 ddc |4 0 |6 807_600000000000000_B103T |7 0 |8 800 |9 73180 |a qbu |b qbu |c D5 |d 2015-05-04 |g 3500 |o 807.6 B103t. |p 8508.c49 |r 0000-00-00 |w 2015-05-04 |y STK | ||
| 952 | |0 0 |1 0 |2 ddc |4 0 |6 807_600000000000000_B103T |7 0 |8 800 |9 73181 |a qbu |b qbu |c D5 |d 2015-05-04 |g 3500 |o 807.6 B103t. |p 8508.c50 |r 0000-00-00 |w 2015-05-04 |y STK | ||
| 952 | |0 0 |1 0 |2 ddc |4 0 |6 807_600000000000000_B103T |7 0 |8 800 |9 73182 |a qbu |b qbu |c D5 |d 2015-05-04 |g 3500 |o 807.6 B103t. |p 8508.c51 |r 0000-00-00 |w 2015-05-04 |y STK | ||
| 952 | |0 0 |1 0 |2 ddc |4 0 |6 807_600000000000000_B103T |7 0 |8 800 |9 73183 |a qbu |b qbu |c D5 |d 2015-05-04 |g 3500 |o 807.6 B103t. |p 8508.c52 |r 0000-00-00 |w 2015-05-04 |y STK | ||
| 952 | |0 0 |1 0 |2 ddc |4 0 |6 807_600000000000000_B103T |7 0 |8 800 |9 73184 |a qbu |b qbu |c D5 |d 2015-05-04 |g 3500 |o 807.6 B103t. |p 8508.c53 |r 0000-00-00 |w 2015-05-04 |y STK | ||
| 952 | |0 0 |1 0 |2 ddc |4 0 |6 807_600000000000000_B103T |7 0 |8 800 |9 73185 |a qbu |b qbu |c D5 |d 2015-05-04 |g 3500 |o 807.6 B103t. |p 8508.c54 |r 0000-00-00 |w 2015-05-04 |y STK | ||
| 952 | |0 0 |1 0 |2 ddc |4 0 |6 807_600000000000000_B103T |7 0 |8 800 |9 73186 |a qbu |b qbu |c D5 |d 2015-05-04 |g 3500 |o 807.6 B103t. |p 8508.c55 |r 0000-00-00 |w 2015-05-04 |y STK | ||
| 952 | |0 0 |1 0 |2 ddc |4 0 |6 807_600000000000000_B103T |7 0 |8 800 |9 73187 |a qbu |b qbu |c D5 |d 2015-05-04 |g 3500 |o 807.6 B103t. |p 8508.c56 |r 0000-00-00 |w 2015-05-04 |y STK | ||
| 952 | |0 0 |1 0 |2 ddc |4 0 |6 807_600000000000000_B103T |7 0 |8 800 |9 73188 |a qbu |b qbu |c D5 |d 2015-05-04 |g 3500 |o 807.6 B103t. |p 8508.c57 |r 0000-00-00 |w 2015-05-04 |y STK | ||
| 952 | |0 0 |1 0 |2 ddc |4 0 |6 807_600000000000000_B103T |7 0 |8 800 |9 73189 |a qbu |b qbu |c D5 |d 2015-05-04 |g 3500 |o 807.6 B103t. |p 8508.c58 |r 0000-00-00 |w 2015-05-04 |y STK | ||
| 952 | |0 0 |1 0 |2 ddc |4 0 |6 807_600000000000000_B103T |7 0 |8 800 |9 73190 |a qbu |b qbu |c D5 |d 2015-05-04 |g 3500 |o 807.6 B103t. |p 8508.c59 |r 0000-00-00 |w 2015-05-04 |y STK | ||